书目信息 |
| 题名: |
南行记
|
|
| 作者: | 艾芜 著 | |
| 分册: | ||
| 出版信息: | 北京 人民文学出版社 2000.01 |
|
| 页数: | 97页 | |
| 开本: | 32开 | |
| 丛书名: | ||
| 单 册: | ||
| 中图分类: | I266 | |
| 科图分类: | ||
| 主题词: | 散文--中国 , 散文--作品综合集--中国 | |
| 电子资源: | ||
| ISBN: | 7-02-002970-1 | |
| 000 | 00544nam0 2200205 45 | |
| 001 | 0009271986 | |
| 005 | 20001022085932.5 | |
| 010 | @a7-02-002970-1@d6.00元 | |
| 100 | @a20000927d2000 km y0chiy0120 ea | |
| 101 | 0 | @achi |
| 105 | @a z 000yy | |
| 200 | 1 | @a南行记@ANan Xing Ji@f艾芜 著@FAi Wu Zhu |
| 210 | @a北京@c人民文学出版社@d2000.01 | |
| 215 | @a97页@d32开 | |
| 606 | 0 | @a散文@x中国 |
| 606 | 0 | @a散文@x作品综合集@x中国 |
| 690 | @aI266@v3 | |
| 701 | 0 | @a艾芜@4著 |
| 801 | @aCN@bPftUser@c20000927 | |
| 905 | @dI266@eA.593@b181326-330@f5 | |
| 南行记/艾芜 著.-北京:人民文学出版社,2000.01 |
| 97页;32开 |
| ISBN 7-02-002970-1:6.00元 |
| ● |
| 相关链接 |
|
|
|
正题名:南行记
索取号:I266/A.593
 
预约/预借
| 序号 | 登录号 | 条形码 | 馆藏地/架位号 | 状态 | 备注 |
| 1 | 181326 | 201813261 | 社科二线422/422社科库 51排5列1层/ [索取号:I266/A.593] | 在馆 | |
| 2 | 181327 | 201813270 | 社科二线422/422社科库 52排2列4层/ [索取号:I266/A.593] | 在馆 | |
| 3 | 181328 | 201813289 | 社科二线422/116文学库 1排3列5层/ [索取号:I266/A.593] | 在馆 | |
| 4 | 181329 | 201813298 | 社科二线422/422社科库 51排5列1层/ [索取号:I266/A.593] | 在馆 | |
| 5 | 181330 | 201813305 | 社科二线422/422社科库 51排5列1层/ [索取号:I266/A.593] | 在馆 |